Tìm hiểu bệnh lao: Lao phổi - lao ngoài phổi - Lao gia súc

में बचाया:
ग्रंथसूची विवरण
मुख्य लेखक: Hoàng Long Phát
स्वरूप: पुस्तक
भाषा:Undetermined
प्रकाशित: Tp.HCM Y Học 2001
विषय:
टैग : टैग जोड़ें
कोई टैग नहीं, इस रिकॉर्ड को टैग करने वाले पहले व्यक्ति बनें!
Thư viện lưu trữ: Trung tâm Học liệu Trường Đại học Cần Thơ
LEADER 00565nam a2200169Ia 4500
001 CTU_40555
008 210402s9999 xx 000 0 und d
082 |a 616.995 
082 |b Ph110 
100 |a Hoàng Long Phát 
245 0 |a Tìm hiểu bệnh lao: Lao phổi - lao ngoài phổi - Lao gia súc 
245 0 |c Hoàng Long Phát 
260 |a Tp.HCM 
260 |b Y Học 
260 |c 2001 
650 |a communicable diseases,lungs - diseases,respiratory organs - diseases,tuberculosis 
980 |a Trung tâm Học liệu Trường Đại học Cần Thơ